000 00984nam a2200301Ia 4500
001 B3396
003 IT-RoPAU
008 130308s9999 xx 000 0 und d
040 _aIT-RoPAU
040 _cIT-RoPAU
041 _aFRANCESE
100 _aBorgomano Laure
100 _gCodice Aut. SPICS: 37594
245 _aAnalyse contrastive de la publicitè televisee italienne et francaise
245 _bMedias et Enseignement-Actes Du Colloque Aupelf (Sitges, Avril 1984)
250 _a1a ed.
260 _aPARIS
260 _bDidier Erudition
260 _c1985 [1° Ed.:1985 - Ed.Ling.Originale:1985]
300 _a"10 p. (prefazione: no ; testo: 10 [pagine: 23-32])"
500 _aAnalisi Contrastante della Pubblicità televisiva Italiana e Francese. Punto di Vista della Ripresa. seduzione W godimento della Pubblicita'.
650 _aDIDATTICA GENERALE
650 _eCodice materia Spics: 4001
942 _cBK
957 _71
999 _c45818
_d45818
999 _bSI
999 _g1